| 000 | 00990nam a22002657a 4500 | ||
|---|---|---|---|
| 001 | 6793 | ||
| 003 | FISKH | ||
| 005 | 20250528141456.0 | ||
| 008 | 250528b cb ||||| |||| 00| 0 eng d | ||
| 020 | _a9781740898256 | ||
| 040 |
_aFISKH _beng _cFISKH _dFISKH |
||
| 050 | _aQE521.C68 | ||
| 082 | _a551.21 | ||
| 100 | _aCoupe, Robert | ||
| 245 |
_aVolcanoes _cby Robert Coupe |
||
| 260 |
_aSydney : _bWeldon Owen, _c2008 |
||
| 300 |
_a32 pages : _bcolor illustrations ; _c23 cm |
||
| 505 | _aR | ||
| 520 | _a"Even though the ground may seem solid and still, the earth is actually never at rest. Its surface is constantly shifting, and beneath that churns a layer of molten magma. This book erupts with sizzling information about volcanoes, their study, and some of the deadliest eruptions in history"--Provided by the publisher. | ||
| 521 | 8 |
_a660
_bLexile estimate |
|
| 521 | 8 |
_aR
_bRaz-Plus |
|
| 650 |
_aVolcanoes _vScience |
||
| 942 |
_2ddc _cBK _n0 |
||
| 999 |
_c6793 _d6793 |
||